000 00385 a2200169 4500
001 184760
020 _a85-10-02002-7
040 _cMagnum
100 _aLeitao, Mercia M.
240 1 0 _aEm cena rex apresentando
_lpor
245 1 0 _aEm cena rex apresentando
300 _a
362 0 _a1995
440 1 _aEditora do Brasil
697 _aLITERATURA INFANTO-JUVENIL
942 _cBK
999 _c184760
_d184760